000 00313nam a2200133Ia 4500
008 191201s2001 xx 000 0 und d
100 _aGOLDFRAB, Charles
245 0 _aXML Handbook
250 _a3rd
260 _aN.Delhi
_bPearson Practice Hall
_c2001
300 _a988
650 _aB.Tech(IT)
942 _2ddc
_cBK
999 _c3036
_d3036